La scatola /

में बचाया:
ग्रंथसूची विवरण
मुख्य लेखक: Paglia, Isabella (लेखक)
अन्य लेखक: Proietti, Paolo, (1986- ) (व्याख्याता)
स्वरूप: पुस्तक
भाषा:इतालवी
प्रकाशित: Cornaredo : La Margherita, 2020
श्रृंखला:Libri illustrati
टैग: टैग जोड़ें
कोई टैग नहीं, इस रिकॉर्ड को टैग करने वाले पहले व्यक्ति बनें!

MARC

LEADER 00000nam a22000007i 4500
001 IT\ICCU\TO0\2068595
003 ItRI
005 20260115232129.0
008 201023s2020 it |||||| ||||| |||||c
020 |a 9788865323465 
040 |b ita  |c importazione bologna sebina 
041 7 |a ita  |2 ISO-639-2 
082 |a 853.92  |9 NARRATIVA ITALIANA, 2000-  |2 23 
100 1 |a Paglia, Isabella  |0 IT\ICCU\RAVV\669311  |4 aut 
240 1 3 |a La scatola  |3 IT\ICCU\VIA\0430072  |9 Paglia, Isabella 
245 1 3 |a La scatola /  |c un testo di Isabella Paglia ; con illustrazioni di Paolo Proietti. 
260 |a Cornaredo :  |b La Margherita,  |c 2020 
300 |a 1 volume (senza paginazione) :  |b ill. ;  |c 30 cm 
700 1 |a Proietti, Paolo,  |d  (1986- )  |0 IT\ICCU\PIAV\000457  |4 ill 
830 0 |a Libri illustrati  |0 IT\ICCU\UBO\4320700 
942 |2 ddc  |c BK  |n 0 
952 |0 0  |1 0  |4 0  |6 R_853_920000000000000_PAG  |7 0  |9 20590  |a BO  |b BO  |d 2026-01-15  |i 19608  |l 0  |o R 853.92 PAG  |p BO19608  |r 2026-01-15 23:21:29  |w 2026-01-15  |x [Sebina 5] [1 v.]  |y BK  |z 1 v. 
999 |c 17580  |d 17580